| 000 | 00419nam a22001337a 4500 | ||
|---|---|---|---|
| 020 | _qPB. | ||
| 040 | _cFIZZA ISHAQ | ||
| 082 |
_a540 _bHOL |
||
| 100 |
_a Holme, Lawrence S. _9132162 |
||
| 245 |
_aChemistry for Engineering Students University of Maryland / _cLawrence S. Holme. |
||
| 260 |
_aNEW YORK: _bTHOMSON Brooks Cole, _c2008. |
||
| 300 |
_aINDEX INC, 610 P. ; _c23.1 X 20.1 X 2.3 X 2.3 cm |
||
| 942 |
_2ddc _cBK |
||
| 999 |
_c615430 _d615430 |
||